Le Labyrinthe de A à Z - Statistiques

Statistiques générales
  • Ce quiz a été pris 1 646 fois
  • Le résultat moyen est 13 sur 24
Statistiques - réponses
Indice Réponse % Correct
M Titre original (en anglais) The {Maze Runner}
84%
O Acteur de Thomas dans les films Dylan {O’Brien}
83%
B Virus mortelle qui décime l'humanité La {Braise}
82%
C Ils sont chargés de cartographier le labyrinthe Coureurs
80%
A Chef du Groupe A Alby
74%
G Créature mécanique du Labyrinthe Griffeur
73%
I Personne ne pouvant pas attraper le virus Immunisé
70%
W Organisation créée dans le but de trouver un remède au virus mortelle WICKED
70%
T Le monde extérieur et le nom du deuxième film La {Terre Brûlée}
69%
E À la fin du troisième film, Thomas et Teresa font cette action Embrasser
66%
L Les films sont des adaptations de ceux-ci Livres
65%
P Nom de la chancelière Ava {Paige}
63%
F Personne ayant la maladie mortelle Fondu
63%
N Personne inspirée pour créer le prénom de Newt Newton
59%
X Console où le jeu The Maze Runner est présent Xbox
55%
D Nom de l’auteur original de l’histoire James {Dashner}
42%
V Chef du Bras Armé Vince
32%
K Acteur du Minho Ki Hong Lee
30%
R Île où les survivants du virus demeurent à la fin de la trilogie Le {Refuge}
29%
S Genre de la série {Science-fiction} post-apocalyptique
29%
H Synonyme de Janson L’{Homme-Rat}
23%
Z Rêveur et discret, Maton des Sarcleurs Zart
17%
Q Le titre du premier film est “L’Épreuve: Le Labyrinthe” à cet endroit du monde Le {Québec}
14%
J Membre du Groupe B Jobard
4%
Aucun quiz correspondant
Distribution des résultats
% des personnes avec chaque résultat
Percentile par nombre de réponses
Votre historique - résultats
Vous n’avez pas pris ce quiz